Perfume : The Story of a murderer
Enregistré dans:
| Auteur principal: | |
|---|---|
| Format: | Livre |
| Langue: | Undetermined |
| Publié: |
Zürich, Alemania
Penguin Books
1987
|
| Sujets: | |
| Tags: |
Ajouter un tag
Pas de tags, Soyez le premier à ajouter un tag!
|
MARC
| LEADER | 00000nam a2200000Ia 4500 | ||
|---|---|---|---|
| 008 | 170316s9999 xx 000 0 und d | ||
| 040 | |a cru BVZT | ||
| 090 | |a 830 S-13p | ||
| 100 | |a Süskind, Patrick | ||
| 245 | |a Perfume : The Story of a murderer | ||
| 260 | |a Zürich, Alemania | ||
| 260 | |b Penguin Books | ||
| 260 | |c 1987 | ||
| 300 | |a 263 páginas | ||
| 650 | |a LITERATURA ALEMANA | ||
| 650 | |a NOVELA | ||
| 650 | |a ESTA EN IDIOMA INGLÉS | ||
| 999 | |c 7426 |d 7426 | ||
| 942 | |c 15 D |h 830 S-13p |2 z | ||
